00406nam a2200157Ia 4500008004100000020001800041082001400059100002300073245003000096250000700126260004300133300002300176500001900199600001500218650001500233240925s9999 xx 000 0 und d a9780008241612 a658.4 MOR aMorrissey, Helena. 2aA Good Time to be a Girl. aNA aLondon:bWilliam collins +sonsc,2018. a120p.b0fOriginal aIncludes Index aManagement aManagement